000
00225nam a2200097Ia 4500
008
230508s1987 xx 000 0 und d
041
_a
eng
100
_a
RODDY & COOLEN
245
_a
ELECTRONICS COMMUNICATIONS
260
_c
1987
999
_c
332968
_d
332968